Guía de aseguramiento bienes inmuebles públicos y la transferencia del riesgo. (Registro nro. 20646)
[ vista simple ]
| 000 -CABECERA | |
|---|---|
| Campo de control | 00857nam a22002057a 4500 |
| 005 - FECHA Y HORA DE LA ULTIMA TRANSACCION | |
| Campo de control | 20191216091159.0 |
| 008 - ELEMENTOS DE LONGITUD FIJA—INFORMACION GENERAL | |
| Campo de control | 191216b xxu||||| |||| 00| 0 spa d |
| 020 ## - ISBN | |
| ISBN | 9789585601727 |
| 040 ## - FUENTE DE CATALOGACIÓN | |
| Agencia catalogadora original | CO-BoIAVH |
| Agencia transcriptora | CO-BoIAVH |
| 041 ## - IDIOMA | |
| Código de idioma para texto/pista de sonido o título separado | Español |
| 044 ## - PAÍS DE PUBLICACIÓN | |
| País de publicación | Colombia |
| 110 ## - ASIENTO PRINCIPAL--NOMBRE CORPORATIVO | |
| 9 (RLIN) | 28591 |
| Nombre corporativo o de jurisdicción como elemento de entrada | Colombia |
| Unidad subordinad | Sistema Nacional de Gestión del Riesgo de Desastres. |
| 245 ## - MENCION DE TITULO | |
| Título | Guía de aseguramiento bienes inmuebles públicos y la transferencia del riesgo. |
| Parte restante del título | Protección financiera ante riesgo de desastres. |
| 260 ## - PUBLICACION, DISTRIBUCION, ETC. (PIE DE IMPRENTA) | |
| Lugar de publicación, distribución, etc. | Bogotá: |
| Nombre del editor, distribuidor, etc. | Unidad Nacional para la Gestión del Riesgo de Desastres, |
| -- | Sistema Nacional de Gestión del Riesgo de Desastres, |
| Fecha de publicación, distribución, etc. | 2016. |
| 300 ## - DESCRIPCION FISICA | |
| Extensión | 51 Páginas: |
| Otros detalles físicos | ilustraciones, |
| Dimensiones | 23 x 17 cm. |
| 650 #0 - ASIENTO SECUNDARIO DE MATERIA - TERMINO TEMATICO | |
| 9 (RLIN) | 78314 |
| Término temático o nombre geográfico como elemento de entrada | Gestión del riesgo de desastres |
| 650 #0 - ASIENTO SECUNDARIO DE MATERIA - TERMINO TEMATICO | |
| 9 (RLIN) | 102119 |
| Término temático o nombre geográfico como elemento de entrada | protección financiera |
| 650 #0 - ASIENTO SECUNDARIO DE MATERIA - TERMINO TEMATICO | |
| 9 (RLIN) | 102120 |
| Término temático o nombre geográfico como elemento de entrada | póliza de seguro |
| 942 ## - ELEMENTOS ADICIONALES (KOHA) | |
| Sistema de clasificación | Dewey Decimal Classification |
| Tipo de ítem | Folleto |
| Withdrawn status | Lost status | Sistema de Clasificación | Damaged status | No para préstamo | Colección | Ubicación Permanente | Ubicación actual | Fecha de adquisición | Total Checkouts | Número topográfico | Inventario / Código de Barras | Date last seen | Ejemplar | Price effective from | Forma de adquisición | Tipo de material |
|---|---|---|---|---|---|---|---|---|---|---|---|---|---|---|---|---|
| Dewey Decimal Classification | Hemeroteca | Bogotá | Bogotá | 16/12/2019 | FG-0376 | 043891 | 16/12/2019 | Ej.1 | 16/12/2019 | Donación | Folleto |